000 01242cam a22003617a 4500
003 CHAP
005 20220329142506.0
008 010625d1992 mx r 00110 spa d
010 _a84262
011 _a85234
035 _a95765
040 _cCHAP
082 0 4 _a633.18
_bG88
100 0 0 _aGutiérrez Díaz, Luis Jorge.
_951668
245 1 0 _aEvaluación de las condiciones de manejo y procesamiento del arroz en el estado de Morelos
_c/por Luis Jorge Gutiérrez Díaz y Yukihiko Kurokawa
260 _a{México, D.F. } :
_bINIFAP,
_c1992.
300 _ac.a. 99 h.
590 _aBATCH-UPD
_b10
_c20130110
_lUCH01
_h0054
590 _aBATCH-UPD
_b10
_c20130110
_lUCH01
_h0638
590 _aBATCH-UPD
_b10
_c20130409
_lUCH01
_h2042
590 _aBATCH-UPD
_b10
_c20130410
_lUCH01
_h1337
590 _aBATCH-UPD
_b10
_c20130914
_lUCH01
_h0411
590 _aCONVERSION
_b10
_c20130109
_lUCH01
_h1347
650 1 4 _aArroz
_xInvestigación.
_97624
650 1 4 _aArroz
_xProcesado.
_97646
650 1 4 _aArroz
_xRendimiento.
_97651
650 1 4 _aArroz
_zMorelos.
_97677
700 0 _aKurokawa, Yukihiko.
_964118
901 _aBK
905 _aLilia Sánchez G.
942 _cLIBRO
949 _a633.18 G88
_bBC
_cLIBRO
_d33724000836706
_eLIBRO
_h100566
_i95765
_si
999 _c84262
_d84262